| Tag |
First Indicator |
Second Indicator |
Subfields |
| LEADER |
00000cam a22000001a 4500 |
| 001 |
in00003172113 |
| 005 |
20190403201622.0 |
| 006 |
m d f |
| 007 |
cr bn mmmapmmp |
| 008 |
090613s1906 dcu o f000 0 eng d |
| 035 |
|
|
|a cis2007402389
|
| 040 |
|
|
|a UMI
|c UMI
|d UtOrBLW
|
| 043 |
|
|
|a n-us---
|
| 099 |
|
|
|a HRG-1906-NAH-0013
|
| 110 |
1 |
|
|a United States.
|b Congress.
|b House.
|b Committee on Naval Affairs.
|
| 245 |
1 |
0 |
|a Hearings on the Subject of Hazing at the Naval Academy :
|b hearings before the United States House Committee on Naval Affairs, Fifty-Ninth Congress, first session, on Feb. 15, 16, 20-24, 1906.
|
| 264 |
|
1 |
|a Washington :
|b U.S. G.P.O.,
|c 1906.
|
| 300 |
|
|
|a 1 online resource.
|
| 336 |
|
|
|a text
|b txt
|2 rdacontent
|
| 337 |
|
|
|a computer
|b c
|2 rdamedia
|
| 338 |
|
|
|a online resource
|b cr
|2 rdacarrier
|
| 500 |
|
|
|a Record is based on bibliographic data in ProQuest Congressional Hearings Digital Collection. Reuse except for individual research requires license from ProQuest, LLC.
|
| 520 |
|
|
|a Hearings were held at the Naval Academy, Annapolis, Md.
|
| 538 |
|
|
|a System requirements: PDF reader software.
|
| 500 |
|
|
|a Electronic resource.
|
| 610 |
2 |
0 |
|a United States Naval Academy.
|
| 650 |
|
0 |
|a Hazing
|z United States.
|
| 655 |
|
7 |
|a Electronic books.
|2 local
|
| 710 |
2 |
|
|a ProQuest (Firm)
|
| 776 |
0 |
8 |
|i Print version:
|a United States. Congress. House. Committee on Naval Affairs.
|t Hearings on the Subject of Hazing at the Naval Academy
|
| 776 |
0 |
8 |
|i Microfiche version:
|a United States. Congress. House. Committee on Naval Affairs.
|t Hearings on the Subject of Hazing at the Naval Academy.
|d [Bethesda, Md.] : ProQuest,[2004]
|o CIS Hrgs MF Gp 1--(59-1) H.Doc. v.98 n.690
|w (ProQuest)cis10103037
|
| 830 |
|
0 |
|a U.S. Congressional Hearings.
|
| 856 |
4 |
0 |
|u http://proxy.library.tamu.edu/login?url=http://congressional.proquest.com/congcomp/getdoc?HEARING-ID=HRG-1906-NAH-0013
|z Connect to the full text of this electronic book
|t 0
|
| 998 |
|
|
|a cis10103037
|
| 999 |
|
|
|a MARS
|
| 999 |
f |
f |
|s 6ecd86da-0671-32a7-a723-3cf46ee9c7be
|i c05d4ff3-0792-3275-b93c-eedca634483e
|t 0
|
| 952 |
f |
f |
|a Texas A&M University
|b College Station
|c Electronic Resources
|d Available Online
|t 0
|e HRG-1906-NAH-0013
|h Other scheme
|
| 998 |
f |
f |
|a HRG-1906-NAH-0013
|t 0
|l Available Online
|